000 00263nam a22001217a 4500
003 SGT
082 _a658.15224
_bC25S
100 _aSINGH MANVI
245 _aCROWDFUNDING AND CROWDSOURCING A SOCIO LEGAL STUDY
260 _c2025
300 _a193
942 _2ddc
_cTH
999 _c33231
_d33231